Top 50 Albums from 1998 - Statistics

General Stats
  • This quiz has been taken 5 times
  • The average score is 11 of 50
Answer Stats
Artist Album % Correct
#3: Massive Attack Mezzanine
100%
#4: OutKast Aquemini
75%
#1: Neutral Milk Hotel In the Aeroplane over the Sea
75%
#12: AIR Moon Safari
75%
#20: Lauryn Hill The Miseducation of Lauryn Hill
75%
#43: Big Pun Capital Punishment
50%
#45: Tori Amos From the Choirgirl Hotel
50%
#7: Gang Starr Moment of Truth
50%
#10: Black Star Mos Def & Talib Kweli Are Black Star
50%
#9: Steve Reich and Musicians Music for 18 Musicians
50%
#2: Boards of Canada Music Has the Right to Children
50%
#22: Tortoise TNT
50%
#5: Elliott Smith XO
50%
#34: Silver Jews American Water
25%
#29: Autechre Autechre
25%
#27: Lucinda Williams Car Wheels on a Gravel Road
25%
#32: Mercury Rev Deserter's Songs
25%
#33: PJ Harvey Is This Desire?
25%
#30: Cat Power Moon Pix
25%
#13: Opeth My Arms, Your Hearse
25%
#17: Duster Stratosphere
25%
#47: Belle and Sebastian The Boy with the Arab Strap
25%
#23: Bruce Dickinson The Chemical Wedding
25%
#6: Death The Sound of Perseverance
25%
#28: Pulp This is Hardcore
25%
#39: Anathema Alternative 4
0%
#15: The Seatbelts Cowboy Bebop
0%
#31: Incantation Diabolical Conquest
0%
#36: Keller Quartett Die Kunst der Fuge
0%
#38: Eels Electro-Shock Blues
0%
#35: Mark Morgan Fallout 2
0%
#42: Joe Hisaishi Hana-Bi
0%
#40: The Gathering How to Measure a Planet?
0%
#49: GAS Königsforst
0%
#21: Philip Glass Koyaanisqatsi
0%
#19: Mark Hollis Mark Hollis
0%
#26: Blind Guardian Nightfall in Middle-Earth
0%
#11: Gorguts Obscura
0%
#48: Amon Tobin Permutation
0%
#44: Mansun Six
0%
#41: Boredoms Super æ
0%
#14: Wiener Philharmoniker / Carlos Kleiber Symphonie No. 4
0%
#46: John Zorn The Circle Maker
0%
#18: Royal Concertgebouw Orchestra / Asko Ensemble / Riccardo Chailly The Complete Works
0%
#16: Koji Kondo The Legend of Zelda: Ocarina of Time
0%
#24: Kirov Orchestra / Valery Gergiev The Nutcracker
0%
#8: Refused The Shape of Punk to Come
0%
#37: Eliane Radigue Trilogie de la Mort
0%
#50: Los Planetas Una Semana en el Motor de un Autobús
0%
#25: Yasunori Mitsuda Xenogears
0%
No matching quizzes found
Score Distribution
Percent of People with Each Score
Percentile by Number Answered
Your Score History
You have not taken this quiz